000
003520000a22001570004500
005
20120302062449.0
942
_c
BOOK
100
_a
Dhere,Ramchandra Chintaman
245
_a
Kalpavel
260
_a
Pune:Indraayanee Saahitya,1976.
300
_a
144p.
040
_a
MAR
650
_a
Charitra
650
_a
Krushnadayaarnav
650
_a
Harivardaa
999
_c
356783
_d
356780